000 00455nam a2200181Ia 4500
001 8864
005 20260306160641.0
008 260306t2010||||xx |||||||||||||| ||spa||
041 _aESP
082 _a371.782
_bB25
100 _aBarri Vitero, Ferran
_eAUT
245 0 _aSOS bullying:
_bPrevenir el acoso escolar y mejorar la convivencia
260 _c2010
300 _a166páginas :
_c
650 _aGEN
654 _aCED
942 _cLIB
_dJUS
_fJUS
_2ddc
_n
999 _c8864
_d8864